| 000 | 00384nam a2200145 4500 | ||
|---|---|---|---|
| 001 | 6060 | ||
| 090 | _a6060 | ||
| 100 | _a20190723b u||y0fre||u0ba y50 | ||
| 101 | _aeng | ||
| 200 |
_aUNI News _bPériodique _eSome radioactivity may be good for you - in small doses |
||
| 210 |
_aGenève _d1989 |
||
| 215 |
_a2 p. _d30 cm. |
||
| 300 | _aPastiche. | ||
| 606 |
_9648 _aNucléaire (Energie) |
||
| 801 |
_aCH _bCH-002049-8 |
||